000 01784cab a2200373 4500
001 ABS67793
008 040602n2004 000 0 eng u
035 _a(Sirsi) u126390
100 _aRedfern, B.
245 _aWater and drainage
260 _c2004
490 _aNew Civil Engineer
_v(1513) 20 May 2004, 23-40(11)
520 _aSeries of articles on water and drainage. "Inundated with work" explains that water companies' investment plans reveal that workload is increasing. "Water cannon" discusses Project Aquatrine and the take-ver of MoD sites water and waste water services by external service providers. Roy Painter, chairman of Water UK, is profiled in "Looking at the bigger picture". "Glasgow drain brains" looks at sustainable drainage and Glasgow's strategic drainage study. "Safety savings" reports on how trenchless technology is making the construction of a new sewer safer and cheaper. The final article, "Sheffield gets tanked up", describes how European legislation has increased investment in combined sewer overflows. A final round-up covers the EU's Water Framework Directive (Directive 2000/60/EC) and the launch of a new SUDS product.
590 _aABS
650 _aWATER INDUSTRY
650 _aWATER COMPANIES
650 _aSEWERS
650 _aENVIRONMENTAL MANAGEMENT
650 _aWATER SUPPLIES
650 _aWASTE WATER
650 _aUtilities
_96272
650 _aWATER MANAGEMENT
650 _aDRAINAGE
650 _aSUSTAINABLE URBAN DRAINAGE SYSTEMS
650 _aFLOODING
650 _aSTORMWATER
650 _aDIRECTIVE 2000/60/EC
690 _aBUILDING AND CONSTRUCTION-ENGINEERING-CIVIL
700 _aRussell, L.
700 _aGreeman, A.
700 _aMasters, J.
700 _aHansford, M.
942 _n0
999 _c74419
_d74419